Sloučení a splynutí kapitálových obchodních společností z pohledu mezinárodních účetních standardů
Spájanie podnikov formou zlúčenia alebo splynutia z pohľadu obchodno-právneho, účtovnícko-právneho a daňového legislatívneho rámca Českej republiky, ako aj z pohľadu medzinárodného účtovníckeho štandardu IAS 22 - Podnikové kombinácie.
Na minha lista:
| Autor principal: | |
|---|---|
| Formato: | Capítulo de Livro |
| Idioma: | tcheco |
| Assuntos: | |
| Tags: |
Sem tags, seja o primeiro a adicionar uma tag!
|
MARC
| LEADER | 00000naa$a2200000$$$4500 | ||
|---|---|---|---|
| 001 | 0019016 | ||
| 005 | 20221207121836.1 | ||
| 041 | 0 | |a cze | |
| 044 | |a SK | ||
| 245 | 1 | 0 | |a Sloučení a splynutí kapitálových obchodních společností z pohledu mezinárodních účetních standardů |c Renáta Hótová |
| 520 | |a Spájanie podnikov formou zlúčenia alebo splynutia z pohľadu obchodno-právneho, účtovnícko-právneho a daňového legislatívneho rámca Českej republiky, ako aj z pohľadu medzinárodného účtovníckeho štandardu IAS 22 - Podnikové kombinácie. | ||
| 610 | 2 | 0 | |a spoločnosti obchodné |
| 610 | 2 | 0 | |a kombinácie podnikové |
| 610 | 2 | 0 | |a spoločnosti kapitálové |
| 610 | 2 | 0 | |a zlučovanie podnikov |
| 610 | 2 | 0 | |a právo daňové |
| 610 | 2 | 0 | |a právo obchodné |
| 610 | 2 | 0 | |a Česko |
| 610 | 2 | 0 | |a štandardy účtovné medzinárodné |
| 100 | 1 | |a Hótová, Renáta | |